[Event "Hastings Chess Congress"]
[Site "Hastings ENG"]
[Date "2009.01.01"]
[EventDate "2008.12.28"]
[Round "5"]
[Result "0-1"]
[White "Gawain Jones"]
[Black "Igor Kurnosov"]
[WhiteElo "2548"]
[BlackElo "2606"]
[PlyCount "74"]

1. e4 c5 2. Nc3 e6 3. f4 d5 4. Nf3 d4 5. Bb5+ Bd7 6. Bxd7+
Qxd7 7. Ne2 d3 8. cxd3 Qxd3 9. Qa4+ b5 10. Qb3 Qxe4 11. Qxb5+
Qc6 12. Nc3 Nf6 13. O-O Bd6 14. Ne5 Bxe5 15. fxe5 Nd5 16. Nxd5
exd5 17. Qe2 O-O 18. b4 cxb4 19. Bb2 Qe6 20. Qh5 Nc6 21. Rae1
d4 22. d3 Qxa2 23. Bc1 Rae8 24. Re4 Re6 25. Rh4 h6 26. Bf4 Rg6
27. Bg3 b3 28. e6 b2 29. Qb5 Rxe6 30. Rh5 a6 31. Qb7 Na5
32. Rxa5 Qxa5 33. Qxb2 Qc3 34. Qb1 Re2 35. Qb7 Qxd3 36. Bd6
Qe3+ 37. Kh1 Re1 0-1

[Event "Hastings Chess Congress"]
[Site "Hastings ENG"]
[Date "2009.01.02"]
[EventDate "2008.12.28"]
[Round "6"]
[Result "0-1"]
[White "Thomas E Rendle"]
[Black "Gawain Jones"]
[WhiteElo "2385"]
[BlackElo "2548"]
[PlyCount "52"]

1. e4 c5 2. b3 Nf6 3. e5 Nd5 4. Bb2 Nc6 5. Nf3 g6 6. Ng5 e6
7. Ne4 Bg7 8. c4 Nde7 9. Nd6+ Kf8 10. f4 Nf5 11. Nxf5 gxf5
12. d4 Nxd4 13. Nd2 f6 14. Nf3 fxe5 15. fxe5 Bxe5 16. Nxe5
Qh4+ 17. g3 Qe4+ 18. Kf2 Qxe5 19. Qd2 Qf6 20. Bg2 d6 21. b4 e5
22. Ba3 f4 23. bxc5 Bg4 24. gxf4 Qh4+ 25. Ke3 Bf5 26. Raf1
exf4+ 0-1

[Event "Hastings Chess Congress"]
[Site "Hastings ENG"]
[Date "2009.01.03"]
[EventDate "2008.12.28"]
[Round "7"]
[Result "1/2-1/2"]
[White "Gawain Jones"]
[Black "Adam Hunt"]
[WhiteElo "2548"]
[BlackElo "2431"]
[PlyCount "101"]

1. e4 c5 2. Nc3 a6 3. f4 b5 4. g3 Bb7 5. Bg2 e6 6. d3 d5
7. Qe2 Nc6 8. Nf3 Nd4 9. Nxd4 cxd4 10. Nd1 Rc8 11. O-O dxe4
12. dxe4 Qc7 13. Nf2 Nf6 14. Bd2 Be7 15. Nd3 O-O 16. Rac1 a5
17. a3 Qb6 18. Qe1 Ra8 19. h3 Bc6 20. Ne5 Be8 21. b4 axb4
22. axb4 Ra2 23. Kh1 Nd7 24. Nd3 Qc7 25. c3 Qa7 26. Rf3 f6
27. cxd4 Qxd4 28. Bc3 Qa7 29. e5 f5 30. Rf2 Rxf2 31. Nxf2 Nb8
32. Bd2 Bd7 33. Ra1 Qd4 34. Be3 Qxb4 35. Qd1 Qc3 36. Bd4 Qxg3
37. Rc1 Qxf4 38. Ba7 Bh4 39. Nd3 Qa4 40. Qxa4 bxa4 41. Nc5 Bc6
42. Nxe6 Bxg2+ 43. Kxg2 Re8 44. Nd4 g6 45. Ra1 Nd7 46. Rxa4
Nxe5 47. Nxf5 gxf5 48. Rxh4 Ra8 49. Bf2 Ra2 50. Rf4 Nd3
51. Rxf5 1/2-1/2

[Event "Hastings Chess Congress"]
[Site "Hastings ENG"]
[Date "2009.01.05"]
[EventDate "2008.12.28"]
[Round "9"]
[Result "1-0"]
[White "Gawain Jones"]
[Black "Jack Rudd"]
[WhiteElo "2548"]
[BlackElo "2344"]
[PlyCount "45"]

1. c4 e5 2. Nc3 Nc6 3. g3 f5 4. Bg2 Nf6 5. a3 d6 6. d3 g6
7. e4 Bg7 8. Nge2 O-O 9. O-O Nh5 10. exf5 Bxf5 11. h3 Bd7
12. Nd5 Nf6 13. Bg5 Rb8 14. f4 Be6 15. Nec3 exf4 16. Nxf4 Nd4
17. Nxe6 Nxe6 18. Bd5 Qd7 19. Bxf6 Rxf6 20. Qg4 Re8 21. Rae1
h5 22. Rxf6 hxg4 23. Rfxe6 1-0

[Event "2nd Queenstown Chess Classic"]
[Site "Queenstown NZL"]
[Date "2009.01.24"]
[EventDate "2009.01.15"]
[Round "10"]
[Result "1-0"]
[White "Gawain Jones"]
[Black "David Smerdon"]
[WhiteElo "2540"]
[BlackElo "2463"]
[PlyCount "85"]

1. e4 e6 2. d4 d5 3. Nd2 c5 4. Ngf3 Nf6 5. e5 Nfd7 6. c3 Be7
7. Bd3 b6 8. h4 Ba6 9. Bxa6 Nxa6 10. a3 Qc8 11. Ng5 h6 12. Nh3
Nab8 13. Qg4 Bf8 14. Nf4 cxd4 15. cxd4 Nc6 16. Ne2 Qa6 17. Rh3
Rc8 18. Rb1 Na5 19. h5 Nc4 20. f4 Nxd2 21. Bxd2 Qa4 22. Rc1
Rxc1+ 23. Bxc1 b5 24. Rc3 Kd8 25. f5 b4 26. Rg3 Qc6 27. Bd2
Qc2 28. fxe6 fxe6 29. Qxe6 Nb6 30. axb4 Qb1+ 31. Kf2 Qxb2
32. Bc3 Qb3 33. Qf5 Bxb4 34. Nf4 Re8 35. Bxb4 Qxb4 36. Qd3
Qb2+ 37. Kf3 Qc1 38. Rxg7 Rf8 39. g3 Nc4 40. Rxa7 Nd2+ 41. Kg2
Rxf4 42. Ra8+ Ke7 43. Qh7+ 1-0

[Event "2nd Queenstown Chess Classic"]
[Site "Queenstown NZL"]
[Date "2009.01.23"]
[EventDate "2009.01.15"]
[Round "9"]
[Result "1-0"]
[White "Gawain Jones"]
[Black "Domagoj Dragicevic"]
[WhiteElo "2540"]
[BlackElo "2205"]
[PlyCount "49"]

1. e4 g6 2. d4 Bg7 3. Nc3 d6 4. Be3 a6 5. a4 Nd7 6. f4 e6
7. Nf3 Ne7 8. Bd3 O-O 9. g4 d5 10. e5 c5 11. h4 cxd4 12. Nxd4
Nc6 13. h5 Re8 14. hxg6 fxg6 15. Nf3 Nb4 16. Ng5 d4 17. Rxh7
Nf8 18. Bxg6 Nxg6 19. Qe2 dxc3 20. Qh2 Nf8 21. Ke2 Qxg5
22. fxg5 Nxh7 23. g6 Nf8 24. Bc5 cxb2 25. Bxf8 1-0

[Event "2nd Queenstown Chess Classic"]
[Site "Queenstown NZL"]
[Date "2009.01.21"]
[EventDate "2009.01.15"]
[Round "7"]
[Result "1-0"]
[White "Gawain Jones"]
[Black "Sam Chow"]
[WhiteElo "2540"]
[BlackElo "2267"]
[PlyCount "61"]

1. e4 e6 2. d4 d5 3. Nd2 Nf6 4. e5 Nfd7 5. Bd3 c5 6. c3 Nc6
7. Ngf3 Be7 8. O-O g5 9. dxc5 Ndxe5 10. Bb5 Bd7 11. b4 Bf6
12. Rb1 g4 13. Nxe5 Nxe5 14. Bxd7+ Qxd7 15. f4 Nd3 16. Nb3 Qb5
17. f5 e5 18. Be3 O-O-O 19. a4 Qc4 20. Nd2 Qa6 21. b5 Qa5
22. c6 b6 23. Qc2 Nc5 24. Bxc5 bxc5 25. c4 Bg5 26. Nb3 Qb4
27. f6 e4 28. Qf2 Kb8 29. Nxc5 Qxc4 30. Na6+ Ka8 31. b6 1-0

[Event "2nd Queenstown Chess Classic"]
[Site "Queenstown NZL"]
[Date "2009.01.20"]
[EventDate "2009.01.15"]
[Round "6"]
[Result "1-0"]
[White "Eduardas Rozentalis"]
[Black "Gawain Jones"]
[WhiteElo "2590"]
[BlackElo "2540"]
[PlyCount "87"]

1. e4 e5 2. Nf3 Nc6 3. Bb5 a6 4. Bxc6 dxc6 5. O-O Bd6 6. d4
exd4 7. Qxd4 f6 8. b3 Ne7 9. h3 Ng6 10. Ba3 Nh4 11. Qe3 Nxf3+
12. Qxf3 O-O 13. Rd1 Qe7 14. Bxd6 cxd6 15. Qd3 Rd8 16. c4 Be6
17. Nc3 b5 18. Ne2 bxc4 19. bxc4 Qf7 20. Rac1 c5 21. Nf4 Rab8
22. Qc3 Rb4 23. Nd5 Bxd5 24. Rxd5 Qb7 25. Qd3 Rb8 26. Rxd6 Rb1
27. Rf1 Rxf1+ 28. Kxf1 Qb1+ 29. Qxb1 Rxb1+ 30. Ke2 Rc1
31. Rxa6 Rxc4 32. Ke3 Rc2 33. a4 Rc3+ 34. Kd2 Ra3 35. f4 h5
36. a5 Ra4 37. Kd3 Ra3+ 38. Kc4 Ra4+ 39. Kxc5 Rxe4 40. Rc6
Rxf4 41. a6 Kh7 42. a7 Ra4 43. Kb6 Kg6 44. Rc5 1-0

[Event "2nd Queenstown Chess Classic"]
[Site "Queenstown NZL"]
[Date "2009.01.19"]
[EventDate "2009.01.15"]
[Round "5"]
[Result "1/2-1/2"]
[White "Gawain Jones"]
[Black "Klaus Bischoff"]
[WhiteElo "2540"]
[BlackElo "2545"]
[PlyCount "89"]

1. e4 c6 2. Nf3 d5 3. exd5 cxd5 4. Ne5 e6 5. d4 Nd7 6. Bd3
Nxe5 7. dxe5 Ne7 8. O-O Nc6 9. Re1 Bd7 10. c3 Qc7 11. Bf4 g6
12. Nd2 f5 13. c4 d4 14. a3 Be7 15. c5 Bxc5 16. b4 Be7 17. b5
Na5 18. Bh6 Kf7 19. Qf3 Qb6 20. Rab1 Rac8 21. Ne4 Nc4 22. Bxc4
Rxc4 23. Bg5 Bc5 24. Qe2 d3 25. Qxd3 Bxb5 26. Nd6+ Bxd6
27. exd6 h6 28. a4 hxg5 29. Rxb5 Qd4 30. Rxb7+ Kf6 31. Qe2 Qd5
32. Qb2+ Qd4 33. Re7 e5 34. R1xe5 g4 35. Qxd4 Rxd4 36. R5e6+
Kg5 37. g3 Kh6 38. Rxa7 Rb8 39. Rae7 Rxa4 40. d7 Rd4 41. Kg2
Rb1 42. h3 Rdd1 43. hxg4 fxg4 44. Re1 Rxd7 45. Rxb1 1/2-1/2

[Event "2nd Queenstown Chess Classic"]
[Site "Queenstown NZL"]
[Date "2009.01.18"]
[EventDate "2009.01.15"]
[Round "4"]
[Result "0-1"]
[White "Merijn van Delft"]
[Black "Gawain Jones"]
[WhiteElo "2397"]
[BlackElo "2540"]
[PlyCount "78"]

1. e4 e5 2. Nf3 Nc6 3. Bb5 a6 4. Ba4 Nf6 5. O-O Be7 6. Bxc6
dxc6 7. d3 Bd6 8. Nbd2 Be6 9. b3 Nd7 10. Bb2 Qe7 11. d4 f6
12. c4 exd4 13. Nxd4 O-O-O 14. Qc2 Bc5 15. Nxe6 Qxe6 16. Nf3
Rhe8 17. Rfe1 Ne5 18. Nxe5 fxe5 19. Rad1 Qe7 20. Rxd8+ Rxd8
21. Rd1 Rf8 22. Rd2 g5 23. Bc3 b6 24. Qb2 a5 25. Bxe5 Re8
26. Bd4 Qxe4 27. Be3 Bxe3 28. fxe3 Qxe3+ 29. Rf2 a4 30. bxa4
Qc5 31. h3 g4 32. g3 Qxc4 33. a5 Re1+ 34. Kh2 Qd5 35. Rf8+ Kb7
36. a6+ Ka7 37. Qg2 Qxg2+ 38. Kxg2 gxh3+ 39. Kxh3 Re7 0-1

[Event "2nd Queenstown Chess Classic"]
[Site "Queenstown NZL"]
[Date "2009.01.17"]
[EventDate "2009.01.15"]
[Round "3"]
[Result "1-0"]
[White "Gawain Jones"]
[Black "Paul Anthony Garbett"]
[WhiteElo "2540"]
[BlackElo "2329"]
[PlyCount "137"]

1. e4 c5 2. Nc3 e6 3. f4 Nc6 4. Nf3 d5 5. Bb5 Nf6 6. Qe2 Be7
7. Bxc6+ bxc6 8. d3 O-O 9. b3 c4 10. bxc4 Bb4 11. Bd2 Qa5
12. Nd1 dxe4 13. dxe4 Ba6 14. c3 Ba3 15. e5 Nd7 16. Ng5 Rad8
17. Be3 Nc5 18. Bxc5 Qxc5 19. Ne3 Bb2 20. Ne4 Qa3 21. O-O Bxc3
22. Nc2 Qa5 23. Rab1 Bd4+ 24. Kh1 Bc5 25. a3 Be7 26. Rb3 Qa4
27. Rc3 c5 28. Nf6+ Bxf6 29. exf6 g6 30. Qe5 h6 31. Ne3 Bb7
32. Qxc5 Qd7 33. Qe5 Qd2 34. Rc2 Qd3 35. Rcf2 Kh7 36. a4 Be4
37. Ng4 Bf5 38. Ne3 Be4 39. Ng4 Bf5 40. Rf3 Qxc4 41. Ne3 Qxa4
42. Ra1 Qd4 43. Qxd4 Rxd4 44. Rxa7 Rd3 45. h4 Be4 46. Rg3 h5
47. Kh2 Kg8 48. Nc4 Rd4 49. Ne5 Rd2 50. Kg1 Rd1+ 51. Kh2 Rd2
52. Rc7 Rf2 53. Kg1 Ra2 54. f5 Bxf5 55. Rgc3 Be4 56. Rc8 Ra8
57. Rxf8+ Rxf8 58. Rc7 Bf5 59. Kf2 Be4 60. Ra7 Bf5 61. Ke3 Bc2
62. Kf4 Bf5 63. Kg5 Be4 64. g4 hxg4 65. Nxg4 Ra8 66. Nh6+ Kh8
67. Nxf7+ Kh7 68. Re7 Ra5+ 69. Ne5+ 1-0

[Event "2nd Queenstown Chess Classic"]
[Site "Queenstown NZL"]
[Date "2009.01.16"]
[EventDate "2009.01.15"]
[Round "2"]
[Result "0-1"]
[White "Junta Ikeda"]
[Black "Gawain Jones"]
[WhiteElo "2247"]
[BlackElo "2540"]
[PlyCount "102"]

1. c4 Nf6 2. Nf3 g6 3. b3 Bg7 4. Bb2 O-O 5. g3 d6 6. Bg2 e5
7. d3 c6 8. O-O Nbd7 9. Nbd2 Re8 10. e4 a5 11. Qc2 b5 12. d4
Bb7 13. a4 exd4 14. Nxd4 b4 15. Rae1 Qc7 16. f4 Qb6 17. Kh1
Ng4 18. h3 Bxd4 19. hxg4 Bxb2 20. Qxb2 Nc5 21. Rf3 d5 22. e5
Ba6 23. Bf1 Qd8 24. Qd4 dxc4 25. Qxd8 Raxd8 26. Nxc4 Bxc4
27. Bxc4 Rd4 28. f5 g5 29. e6 f6 30. Rc1 Ne4 31. Rc2 Kf8
32. Re3 Ke7 33. Kg1 h6 34. Be2 Nc3 35. Kf2 Red8 36. Kf3 R8d5
37. Bc4 Rd8 38. Be2 h5 39. gxh5 g4+ 40. Kg2 Rh8 41. Bc4 Nd1
42. Ree2 Rxh5 43. Rcd2 Ne3+ 44. Kf2 Rxd2 45. Rxd2 Nxc4
46. Rd7+ Ke8 47. bxc4 Rxf5+ 48. Kg2 Re5 49. Rd6 Re2+ 50. Kf1
Ra2 51. Rxc6 b3 0-1

[Event "British Championship"]
[Site "Torquay ENG"]
[Date "2009.08.01"]
[EventDate "2009.07.27"]
[Round "6"]
[Result "1/2-1/2"]
[White "Stephen Gordon"]
[Black "Gawain Jones"]
[WhiteElo "2537"]
[BlackElo "2554"]
[PlyCount "85"]

1. d4 Nf6 2. c4 g6 3. Nc3 Bg7 4. e4 d6 5. Nf3 O-O 6. Be2 Nbd7
7. O-O e5 8. Be3 Re8 9. d5 Nh5 10. g3 Bf8 11. Ne1 Ng7 12. Nd3
f5 13. f3 h5 14. b4 h4 15. g4 Be7 16. h3 Bg5 17. Bxg5 Qxg5
18. Qc1 Qe7 19. Qe3 Nf6 20. Kh2 Bd7 21. Rg1 fxg4 22. fxg4 Rf8
23. Raf1 a5 24. b5 b6 25. Qh6 g5 26. Qxg5 Nxd5 27. Qxe7 Nxe7
28. Nd5 Nxd5 29. exd5 Ne8 30. Rxf8+ Kxf8 31. Ne1 Nf6 32. Nf3
Kg7 33. Rf1 Rh8 34. Nd2 Be8 35. Bd3 Bg6 36. Bxg6 Kxg6 37. Kg2
Re8 38. Kf2 Rh8 39. Ke3 Nh7 40. Ne4 Rf8 41. Rxf8 Nxf8 42. Nc3
Nh7 43. Ke4 1/2-1/2

[Event "Howard Staunton Memorial (Scheveningen Match)"]
[Site "London ENG"]
[Date "2009.08.08"]
[EventDate "2009.08.08"]
[Round "1"]
[Result "0-1"]
[White "Gawain Jones"]
[Black "Erwin L'Ami"]
[WhiteElo "2554"]
[BlackElo "2593"]
[PlyCount "82"]

1. e4 e5 2. Nf3 Nc6 3. d4 exd4 4. Nxd4 Bb4+ 5. c3 Bc5 6. Be3
Bb6 7. Nf5 Bxe3 8. Nxe3 Nf6 9. f3 O-O 10. c4 d6 11. Qd2 Ne5
12. Be2 Be6 13. Nc3 Kh8 14. f4 Neg4 15. Nc2 Nh6 16. O-O-O a6
17. f5 Bd7 18. Qf4 Bc6 19. g4 Nd7 20. g5 Ng8 21. h4 Re8 22. f6
gxf6 23. Bg4 Ne5 24. Bf5 Bd7 25. Ne3 Be6 26. Kb1 b5 27. c5 b4
28. Ncd5 Rb8 29. gxf6 Nxf6 30. Qh6 Bxd5 31. Rhg1 Ng6 32. Nxd5
Nxd5 33. h5 Nc3+ 34. bxc3 bxc3+ 35. Kc1 c2 36. Kxc2 Qh4
37. Rd2 Rxe4 38. Bxe4 Qxe4+ 39. Rd3 Qc4+ 40. Kd2 Rb2+ 41. Ke3
Qe6+ 0-1

[Event "Howard Staunton Memorial (Scheveningen Match)"]
[Site "London ENG"]
[Date "2009.08.09"]
[EventDate "2009.08.08"]
[Round "2"]
[Result "1-0"]
[White "Loek van Wely"]
[Black "Gawain Jones"]
[WhiteElo "2655"]
[BlackElo "2554"]
[PlyCount "61"]

1. d4 Nf6 2. c4 g6 3. Nc3 Bg7 4. e4 d6 5. Nf3 O-O 6. Be2 e5
7. O-O Nh5 8. g3 Bh3 9. Re1 exd4 10. Nxd4 Nf6 11. Bf1 Bxf1
12. Kxf1 Nc6 13. Nc2 Nd7 14. Ne3 Bxc3 15. bxc3 Nc5 16. f3 Ne5
17. Ba3 Qf6 18. Bxc5 dxc5 19. f4 Nc6 20. Nd5 Qd8 21. Qa4 Nb8
22. Rab1 c6 23. Nb6 Qd3+ 24. Kg1 axb6 25. Qxa8 Qxc4 26. Qxb7
b5 27. Rbd1 Qxc3 28. e5 Qc2 29. Qe7 Qc3 30. e6 Kg7 31. Qxf8+
1-0

[Event "Howard Staunton Memorial (Scheveningen Match)"]
[Site "London ENG"]
[Date "2009.08.10"]
[EventDate "2009.08.08"]
[Round "3"]
[Result "1/2-1/2"]
[White "Gawain Jones"]
[Black "Jan Werle"]
[WhiteElo "2554"]
[BlackElo "2575"]
[PlyCount "118"]

1. d4 Nf6 2. c4 e6 3. Nc3 d5 4. cxd5 exd5 5. Bg5 c6 6. e3 Be7
7. Bd3 Nbd7 8. Nge2 O-O 9. b4 h6 10. Bxf6 Nxf6 11. b5 cxb5
12. Nxb5 a6 13. Nbc3 b5 14. O-O Bb7 15. Qb1 Rb8 16. Ng3 Re8
17. Nce2 Bd6 18. Nf5 Bf8 19. Nc1 Ne4 20. Nb3 Rc8 21. Qb2 g6
22. Ng3 h5 23. a4 bxa4 24. Rxa4 Qb6 25. Ne2 Rc7 26. Rb1 Qf6
27. Bxe4 dxe4 28. Nc5 Bc8 29. Ra5 Rc6 30. Qa2 h4 31. Qd5 Rb6
32. Rba1 Rb2 33. R5a2 Rxa2 34. Rxa2 Qb6 35. Rc2 h3 36. Nd7
Bxd7 37. Qxd7 Re6 38. Qc8 hxg2 39. Nf4 Rd6 40. h4 Rd8 41. Qc6
Qxc6 42. Rxc6 Ra8 43. Nd5 a5 44. Nf6+ Kg7 45. Nxe4 a4 46. Rc2
a3 47. Ra2 f5 48. Ng5 Bb4 49. Kxg2 Kf6 50. Kf1 Rh8 51. Nf3 Ke6
52. Ne1 Be7 53. Nc2 Ra8 54. Ke2 Kd5 55. Kd3 Rb8 56. Kc3 Rc8+
57. Kd3 Rb8 58. Kc3 Rc8+ 59. Kd3 Rb8 1/2-1/2

[Event "Howard Staunton Memorial (Scheveningen Match)"]
[Site "London ENG"]
[Date "2009.08.11"]
[EventDate "2009.08.08"]
[Round "4"]
[Result "1-0"]
[White "Jan Smeets"]
[Black "Gawain Jones"]
[WhiteElo "2632"]
[BlackElo "2554"]
[PlyCount "81"]

1. e4 c5 2. Nf3 d6 3. d4 cxd4 4. Nxd4 Nf6 5. Nc3 g6 6. Be3 Bg7
7. f3 O-O 8. Qd2 Nc6 9. O-O-O d5 10. Kb1 Nxd4 11. e5 Nf5
12. exf6 exf6 13. Bc5 d4 14. Bxf8 Qxf8 15. Nb5 Ne3 16. Rc1 f5
17. Nxd4 f4 18. c3 Qd6 19. Bd3 Bxd4 20. cxd4 Be6 21. Be4 Rd8
22. g3 Nc4 23. Qc3 b5 24. gxf4 Qxf4 25. Rhd1 b4 26. Qd3 Nb6
27. Qd2 Qd6 28. Qg5 Re8 29. Qg3 Qd8 30. Qc7 Qf6 31. d5 Bd7
32. d6 Ba4 33. b3 Bb5 34. Qxa7 Nd7 35. Qd4 Qh4 36. Bc6 Qh5
37. Bxb5 Qxb5 38. Qd5 Qa6 39. Re1 Rd8 40. Re7 Kh8 41. Rxf7 1-0

[Event "Howard Staunton Memorial (Scheveningen Match)"]
[Site "London ENG"]
[Date "2009.08.12"]
[EventDate "2009.08.08"]
[Round "5"]
[Result "0-1"]
[White "Gawain Jones"]
[Black "Ivan Sokolov"]
[WhiteElo "2554"]
[BlackElo "2655"]
[PlyCount "108"]

1. e4 e5 2. Nf3 Nc6 3. Bb5 f5 4. d3 fxe4 5. dxe4 Nf6 6. O-O d6
7. Re1 Bg4 8. h3 Bh5 9. Qd3 Qd7 10. Nc3 a6 11. Bxc6 bxc6
12. Ne2 h6 13. Ng3 Bf7 14. Qc3 g6 15. Rd1 Qc8 16. Qxc6+ Ke7
17. b3 Be6 18. Bb2 Kf7 19. Rd3 Be7 20. Qc3 Nd7 21. Rf1 Qb7
22. Nh2 Raf8 23. f4 Qb6+ 24. Kh1 exf4 25. Qd2 g5 26. Bxh8 Rxh8
27. Nf3 Nc5 28. Rd4 fxg3 29. Rb4 Qa5 30. Ne5+ Kg7 31. Nc6 Qxa2
32. Nxe7 Qb2 33. Rd4 Re8 34. Nf5+ Bxf5 35. exf5 Ne4 36. f6+
Kf8 37. Qb4 Nf2+ 38. Kg1 Qxc2 39. Rd2 Qc6 40. f7 Re4 41. Qb8+
Kxf7 42. Rdd1 Qc5 43. Rc1 Qe3 44. Rxc7+ Kg6 45. Qg8+ Kh5
46. Qf7+ Kh4 47. Rc4 d5 48. Rxe4+ dxe4 49. b4 Nxh3+ 50. Kh1
Qg1+ 51. Rxg1 Nf2+ 52. Qxf2 gxf2 53. g3+ Kh3 54. Ra1 e3 0-1

[Event "Howard Staunton Memorial (Scheveningen Match)"]
[Site "London ENG"]
[Date "2009.08.13"]
[EventDate "2009.08.08"]
[Round "6"]
[Result "0-1"]
[White "Erwin L'Ami"]
[Black "Gawain Jones"]
[WhiteElo "2593"]
[BlackElo "2554"]
[PlyCount "176"]

1. d4 Nf6 2. c4 g6 3. Nc3 Bg7 4. e4 d6 5. Nf3 O-O 6. Be2 Nbd7
7. O-O e5 8. Be3 c6 9. d5 c5 10. Ne1 Kh8 11. Nd3 Ng8 12. Qd2
Qe7 13. Rae1 Nb6 14. b3 f5 15. exf5 gxf5 16. f4 e4 17. Nf2 Qf6
18. Rc1 Bd7 19. Kh1 Nh6 20. Ncd1 Qg6 21. Qe1 Bd4 22. Bd2 Rg8
23. g3 Rg7 24. Ne3 Re8 25. Bd1 Nc8 26. Bc3 Qf6 27. Qd2 b5
28. Bh5 Rf8 29. Rfd1 Bxc3 30. Qxc3 Qxc3 31. Rxc3 b4 32. Rc2
Ne7 33. a3 Rb8 34. Ra1 Neg8 35. Bd1 Bc8 36. axb4 Rxb4 37. Rca2
a6 38. Kg1 Rb6 39. Kf1 Nf6 40. Ke1 Nhg4 41. Nfxg4 fxg4 42. Re2
h5 43. Ng2 Kg8 44. Bc2 Re7 45. Kd2 Kf7 46. Kc3 Bf5 47. Ne3 Kg6
48. Ree1 Re8 49. Ng2 Kf7 50. Ra2 Reb8 51. Rea1 Ra8 52. Nh4 Bh7
53. Re1 Re8 54. Ra3 Re7 55. Rea1 Ra7 56. Kd2 Kg7 57. Ke3 Kh6
58. Rh1 Ra8 59. Bd1 Rg8 60. Ra2 Rg7 61. Re2 Rgb7 62. Kd2 a5
63. Re3 a4 64. bxa4 Rb1 65. Rhe1 R7b4 66. Kc3 Rc1+ 67. Bc2
Rxc2+ 68. Kxc2 Rxc4+ 69. Kb3 Rd4 70. a5 Nxd5 71. R3e2 c4+
72. Ka4 c3+ 73. Kb5 e3 74. f5 Rd2 75. Rg2 c2 76. Rc1 e2
77. Rgg1 Rd1 78. a6 Rxg1 79. Rxg1 Nc3+ 80. Kb6 Bg8 81. a7 Bd5
82. f6 Nd1 83. Nf5+ Kg5 84. f7 c1=Q 85. f8=Q Qc6+ 86. Ka5 Qc5+
87. Ka6 Qc6+ 88. Ka5 Qc7+ 0-1

[Event "Howard Staunton Memorial (Scheveningen Match)"]
[Site "London ENG"]
[Date "2009.08.14"]
[EventDate "2009.08.08"]
[Round "7"]
[Result "1/2-1/2"]
[White "Gawain Jones"]
[Black "Loek van Wely"]
[WhiteElo "2554"]
[BlackElo "2655"]
[PlyCount "119"]

1. e4 c5 2. Nc3 d6 3. f4 g6 4. Nf3 Bg7 5. Bb5+ Bd7 6. Bc4 Nc6
7. O-O e6 8. d3 Nge7 9. f5 exf5 10. Bf4 Ne5 11. Bxe5 dxe5
12. Ng5 O-O 13. exf5 Nxf5 14. Nce4 Be8 15. Qg4 h5 16. Qh3 b5
17. Rxf5 bxc4 18. Qf3 cxd3 19. cxd3 Rb8 20. Nf6+ Bxf6 21. Rxf6
Rb6 22. Rf1 Qe7 23. Qf2 Kg7 24. Ne4 Bc6 25. Nd6 Bxg2 26. Rxf7+
Rxf7 27. Qxf7+ Qxf7 28. Rxf7+ Kh6 29. Rd7 Bh3 30. Nf7+ Kg7
31. Rxa7 Kf6 32. b3 Rb4 33. Nd6 Rg4+ 34. Kf2 Rg2+ 35. Kf3 g5
36. Ne4+ Kg6 37. Ra6+ Kg7 38. Ng3 h4 39. Nf5+ Kf7 40. Nd6+ Ke7
41. Nf5+ Kf7 42. Nh6+ Kf8 43. Rg6 Rxh2 44. Rxg5 Bd7 45. Rxe5
Rxa2 46. Nf5 h3 47. Rxc5 h2 48. Ng3 Ra1 49. Kg2 Ra2+ 50. Kf3
Rd2 51. Rh5 Rxd3+ 52. Kf4 Rd2 53. Ke3 Rb2 54. Nf1 Bh3 55. Nxh2
Rxh2 56. Kf4 Kf7 57. Kg3 Rb2 58. Rxh3 Rxb3+ 59. Kg4 Rxh3
60. Kxh3 1/2-1/2

[Event "Howard Staunton Memorial (Scheveningen Match)"]
[Site "London ENG"]
[Date "2009.08.15"]
[EventDate "2009.08.08"]
[Round "8"]
[Result "1/2-1/2"]
[White "Jan Werle"]
[Black "Gawain Jones"]
[WhiteElo "2575"]
[BlackElo "2554"]
[PlyCount "107"]

1. Nf3 Nf6 2. c4 g6 3. Nc3 Bg7 4. e4 d6 5. d4 O-O 6. Be2 e5
7. O-O Nbd7 8. Be3 Qe7 9. d5 Ng4 10. Bg5 f6 11. Bd2 f5
12. exf5 gxf5 13. Ng5 Ndf6 14. f3 Nh6 15. Qc2 f4 16. Bd3 Nxd5
17. Nxd5 Qxg5 18. Nxc7 e4 19. Nxa8 exd3 20. Qxd3 Be6 21. Qe4
Qc5+ 22. Kh1 Be5 23. g3 Bf5 24. Qxb7 Qc8 25. Qxc8 Rxc8
26. Bxf4 Bxf4 27. gxf4 Rxa8 28. Rad1 Nf7 29. Rfe1 Kg7 30. Kg2
Kf6 31. Kf2 Rc8 32. Rd4 Be6 33. Re3 Rc6 34. Ra3 a6 35. b3 Nh6
36. Ra5 Nf5 37. Rd2 Bf7 38. Ke2 h6 39. Kd3 Bh5 40. b4 Bxf3
41. Rf2 Bh5 42. b5 axb5 43. cxb5 Rc5 44. Rb2 Rd5+ 45. Kc3 Ne3
46. Rb3 Be2 47. b6 Rd3+ 48. Kb4 Nc2+ 49. Kc4 Ne3+ 50. Kb4 Nc2+
51. Kc4 Ne3+ 52. Kb4 Rd4+ 53. Kc3 Rd3+ 54. Kb4 1/2-1/2

[Event "Howard Staunton Memorial (Scheveningen Match)"]
[Site "London ENG"]
[Date "2009.08.16"]
[EventDate "2009.08.08"]
[Round "9"]
[Result "1-0"]
[White "Gawain Jones"]
[Black "Jan Smeets"]
[WhiteElo "2554"]
[BlackElo "2632"]
[PlyCount "59"]

1. e4 e5 2. d4 exd4 3. Nf3 Nc6 4. Nxd4 Nf6 5. Nxc6 bxc6 6. e5
Qe7 7. Qe2 Nd5 8. g3 g6 9. c4 Ba6 10. b3 Bg7 11. Bb2 O-O
12. Nd2 d6 13. Qe4 Nb4 14. a3 d5 15. cxd5 Bxf1 16. Kxf1 Nxd5
17. Kg2 f6 18. exf6 Bxf6 19. Qxe7 Bxe7 20. Rhe1 Rfd8 21. Nc4
a5 22. Rad1 Bf8 23. Kg1 a4 24. b4 c5 25. bxc5 Bxc5 26. Re5 c6
27. Re6 Nb6 28. Rc1 Nxc4 29. Rxc4 Bxf2+ 30. Kxf2 1-0

[Event "4th George Trundle NZ Masters Tt"]
[Site "Auckland, NZ"]
[Date "2009.09.27"]
[EventDate "?"]
[Round "2"]
[Result "1-0"]
[White "Michael Steadman"]
[Black "Gawain Jones"]
[WhiteElo "2252"]
[BlackElo "2553"]
[PlyCount "133"]

1. d4 Nf6 2. c4 g6 3. Nc3 Bg7 4. e4 d6 5. Bd3 Nc6 6. Nge2 Nd7
7. Be3 e5 8. d5 Nd4 9. Nb5 Nxb5 10. cxb5 O-O 11. Ng3 h5
12. Qc2 b6 13. f3 h4 14. Ne2 Nc5 15. Bc4 f5 16. b4 Nd7 17. Bd3
Rf7 18. Rc1 Nf8 19. Qc6 Rb8 20. h3 Bf6 21. Qc2 Bg5 22. Qd2 Nh7
23. a4 Ra8 24. a5 Bd7 25. Nc3 Qf6 26. Ra1 Bf4 27. Bxf4 exf4
28. Rc1 Re8 29. Kd1 bxa5 30. bxa5 Qd4 31. Ra1 Ng5 32. Ra4 Qe5
33. exf5 Bxf5 34. Rxf4 Bxd3 35. Rxf7 Kxf7 36. Qxd3 Qf4 37. Qd2
Qb4 38. Kc2 Nh7 39. Ra1 Nf6 40. Ra4 Qc5 41. Rxh4 Re5 42. Rd4
Qa3 43. f4 Re7 44. Ra4 Qc5 45. Kb2 Qg1 46. Rc4 Qf1 47. Kb3 Qa1
48. a6 Qf1 49. Qd4 Qa1 50. g4 Nd7 51. Rxc7 Nc5+ 52. Rxc5 dxc5
53. Qxc5 Qh1 54. d6 Re1 55. Qxa7+ Kf8 56. Qb8+ Kf7 57. Qc7+
Kf8 58. a7 Re3 59. Qb8+ Kg7 60. a8=Q Qb1+ 61. Kc4 Qd3+ 62. Kc5
Qxc3+ 63. Kb6 Qd4+ 64. Kc7 Qc4+ 65. Qc6 Qxf4 66. Qd7+ Kh6
67. Qh8+ 1-0

[Event "4th George Trundle NZ Masters Tt"]
[Site "Auckland, NZ"]
[Date "2009.09.28"]
[EventDate "?"]
[Round "3"]
[Result "1-0"]
[White "Gawain Jones"]
[Black "Tim Reilly"]
[WhiteElo "2553"]
[BlackElo "2288"]
[PlyCount "45"]

1. e4 d6 2. d4 g6 3. Nc3 Bg7 4. f4 Nf6 5. Nf3 O-O 6. Be3 Nbd7
7. Qd2 c5 8. O-O-O Ng4 9. Bg1 cxd4 10. Nxd4 e5 11. Ndb5 exf4
12. Nxd6 Qa5 13. Nxc8 Raxc8 14. Qxd7 Rxc3 15. bxc3 Bxc3
16. Rd3 Ne5 17. Qd5 Nxd3+ 18. Bxd3 Qa3+ 19. Kd1 Qb2 20. Ke2
Qc1 21. Kf3 h5 22. Bc4 b6 23. Bc5 1-0

[Event "4th George Trundle NZ Masters Tt"]
[Site "Auckland, NZ"]
[Date "2009.10.04"]
[EventDate "?"]
[Round "9"]
[Result "0-1"]
[White "Stephen John Solomon"]
[Black "Gawain Jones"]
[WhiteElo "2424"]
[BlackElo "2553"]
[PlyCount "82"]

1. d4 Nf6 2. c4 c5 3. d5 b5 4. cxb5 a6 5. b6 g6 6. Nc3 Qxb6
7. e4 d6 8. Be2 Bg7 9. Nf3 O-O 10. Nd2 Nbd7 11. Nc4 Qb7
12. Bf4 Nb6 13. Ne3 Bd7 14. a4 Nc8 15. Qc2 Nxe4 16. Nxe4 Qb4+
17. Kf1 f5 18. Nxc5 Qxc5 19. Qxc5 dxc5 20. Nc4 Bd4 21. h4 Nd6
22. Nxd6 exd6 23. Bxd6 Rf6 24. Bc7 Ra7 25. Bc4 Rb7 26. Re1
Rxb2 27. d6+ Kf8 28. Re7 Bxa4 29. Rh3 Rb1+ 30. Re1 Rxe1+
31. Kxe1 Ke8 32. f4 Bb5 33. Bd5 h5 34. Ra3 Kd7 35. Kd2 c4
36. Bb7 c3+ 37. Kd1 Bd3 38. Bxa6 c2+ 39. Kd2 Bb2 40. Kxd3 c1=Q
41. Bb5+ Ke6 0-1